[Event "FRA-chT2 0910"]
[Site "France"]
[Date "2009.10.04"]
[Round "1.7"]
[White "Barbaras, Mathieu"]
[Black "Joly, Laurent"]
[Result "1/2-1/2"]
[WhiteElo "1901"]
[BlackElo "2043"]
[PlyCount "126"]
[EventDate "2009.09.27"]
[EventType "team-tourn"]
[EventRounds "11"]
[EventCountry "FRA"]
[SourceTitle "EXT 2011"]
[Source "ChessBase"]
[SourceDate "2010.11.26"]
[SourceVersion "1"]
[SourceVersionDate "2010.11.26"]
[SourceQuality "1"]

1. e4 Nf6 2. Nc3 d5 3. exd5 Nxd5 4. Bc4 Nb6 5. Bb3 Nc6 6. Nf3 Bf5 7. 0-0 e6 8. d4 Be7 9. Bf4 0-0 10. h3 Qd7 11. Ne5 Nxe5 12. Bxe5 Rad8 13. Ne2 c5 14. c3 cxd4 15. Nxd4 Bg6 16. Qe2 Rfe8 17. Rad1 Qc8 18. Nb5 a6 19. Nd6 Bxd6 20. Bxd6 Qc6 21. Bg3 a5 22. Rxd8 Rxd8 23. Rd1 Rd7 24. Rxd7 Qxd7 25. Qd1 Bd3 26. Bc7 Qxc7 27. Qxd3 g6 28. Qb5 Nc8 29. Qc4 Qxc4 30. Bxc4 Nd6 31. Bd3 e5 32. f3 f5 33. Kf2 Kf7 34. Ke3 Ke6 35. a4 Kd5 36. b3 g5 37. Bc2 h6 38. g3 Kc5 39. Bd3 b6 40. Bc2 Kd5 41. Bd3 Kc5 42. Bc2 b5 43. axb5 Nxb5 44. b4+ axb4 45. cxb4+ Kxb4 46. Bxf5 Nd6 47. Be6 Kc5 48. f4 gxf4+ 49. gxf4 exf4+ 50. Kxf4 Kd4 51. Bf5 Kd5 52. Bd7 Nf7 53. Kf5 Ng5 54. h4 Nf3 55. h5 Nh4+ 56. Kf6 Ng2 57. Kf5 Kd6 58. Bc8 Ke7 59. Bb7 Ne3+ 60. Kg6 Kf8 61. Kxh6 Kg8 62. Kg6 Kh8 63. Bc8 Nd5 1/2-1/2

[Event "Wasselonne op"]
[Site "Wasselonne"]
[Date "2009.08.09"]
[Round "6"]
[White "Barbaras, Mathieu"]
[Black "Letzelter, Jean Claude"]
[Result "0-1"]
[WhiteElo "1845"]
[BlackElo "2185"]
[PlyCount "32"]
[EventDate "2009.08.06"]
[EventType "swiss"]
[EventRounds "7"]
[EventCountry "FRA"]
[SourceTitle "EXT 2011"]
[Source "ChessBase"]
[SourceDate "2010.11.26"]
[SourceVersion "1"]
[SourceVersionDate "2010.11.26"]
[SourceQuality "1"]

1. e4 Nc6 2. Nf3 e5 3. d4 exd4 4. Bc4 Nf6 5. e5 d5 6. Bb5 Ne4 7. Nxd4 Qh4 8. 0-0 Bc5 9. c3 0-0 10. Bxc6 bxc6 11. b4 Nxc3 12. Nxc3 Bxd4 13. g3 Qg4 14. Qxg4 Bxg4 15. Bb2 Bxe5 16. Rab1 Bf5 0-1

[Event "FRA-chT U20 0809"]
[Site "Sautron"]
[Date "2009.01.03"]
[Round "5.3"]
[White "Barbaras, Mathieu"]
[Black "Barbot, Pierre"]
[Result "0-1"]
[WhiteElo "1808"]
[BlackElo "1938"]
[PlyCount "92"]
[EventDate "2008.10.??"]
[EventType "team-tourn"]
[EventRounds "11"]
[EventCountry "FRA"]
[SourceTitle "EXT 2010"]
[Source "ChessBase"]
[SourceDate "2010.11.25"]
[SourceVersion "1"]
[SourceVersionDate "2010.11.25"]
[SourceQuality "1"]

1. e4 c5 2. Nf3 Nc6 3. d4 cxd4 4. Nxd4 Nf6 5. Nc3 d6 6. Be2 e5 7. Nb3 Be7 8. 0-0 0-0 9. Be3 Na5 10. f4 Be6 11. f5 Bc4 12. Nxa5 Bxe2 13. Qxe2 Qxa5 14. Qf3 Rfd8 15. Rfd1 Rac8 16. g4 Bf8 17. g5 Nd7 18. g6 Nf6 19. Bg5 Be7 20. Bxf6 Bxf6 21. Nd5 Bg5 22. f6 hxg6 23. Ne7+ Kf8 24. Nxc8 Rxc8 25. fxg7+ Kxg7 26. c3 Qb6+ 27. Kh1 Qxb2 28. Rab1 Qxa2 29. Rxb7 Bf4 30. Qg2 Qxg2+ 31. Kxg2 Rxc3 32. Rxa7 Rc2+ 33. Kf1 Rxh2 34. Rxd6 Be3 35. Rb7 Bd4 36. Rdd7 Rf2+ 37. Ke1 Rf4 38. Kd2 g5 39. Kd3 Rf3+ 40. Kd2 g4 41. Rd8 Rf6 42. Rbb8 Rg6 43. Rg8+ Kf6 44. Rgc8 g3 45. Rc6+ Kg5 46. Rxg6+ fxg6 0-1

[Event "FRA-chT U20 0809"]
[Site "Sautron"]
[Date "2009.01.03"]
[Round "6.3"]
[White "Navrotescu, Andreea Cristiana"]
[Black "Barbaras, Mathieu"]
[Result "0-1"]
[WhiteElo "1808"]
[BlackElo "1808"]
[PlyCount "82"]
[EventDate "2008.10.??"]
[EventType "team-tourn"]
[EventRounds "11"]
[EventCountry "FRA"]
[SourceTitle "EXT 2010"]
[Source "ChessBase"]
[SourceDate "2010.11.25"]
[SourceVersion "1"]
[SourceVersionDate "2010.11.25"]
[SourceQuality "1"]

1. d4 e6 2. c4 Nf6 3. Nc3 Bb4 4. Qc2 0-0 5. Nf3 c5 6. dxc5 Na6 7. Bg5 Nxc5 8. e3 Nce4 9. Bd3 Nxg5 10. Nxg5 h6 11. Nf3 Qa5 12. 0-0 Bxc3 13. bxc3 b6 14. Rab1 Ba6 15. Rb4 Qc5 16. a4 Rfc8 17. Ra1 d5 18. Nd2 Ng4 19. cxd5 Nxe3 20. Qb1 Bxd3 21. Qxd3 Nxd5 22. Rc4 Qe7 23. Re1 Rxc4 24. Nxc4 Qc5 25. Re4 Rc8 26. h3 a6 27. Ne5 Qxc3 28. Qxa6 Nf6 29. Re3 Qc7 30. Rb3 Rd8 31. Qe2 Qc1+ 32. Kh2 Qf4+ 33. g3 Rd2 34. gxf4 Rxe2 35. Rxb6 Rxf2+ 36. Kg3 Ne4+ 37. Kg4 h5+ 38. Kxh5 Rxf4 39. Ng4 Kh7 40. Kh4 f6 41. Rb3 Nd6 0-1

[Event "FRA-chT U20 0809"]
[Site "Sautron"]
[Date "2009.01.02"]
[Round "4.3"]
[White "Msellek, Ilyass"]
[Black "Barbaras, Mathieu"]
[Result "1-0"]
[WhiteElo "1846"]
[BlackElo "1808"]
[PlyCount "101"]
[EventDate "2008.10.??"]
[EventType "team-tourn"]
[EventRounds "11"]
[EventCountry "FRA"]
[SourceTitle "EXT 2010"]
[Source "ChessBase"]
[SourceDate "2010.11.25"]
[SourceVersion "1"]
[SourceVersionDate "2010.11.25"]
[SourceQuality "1"]

1. e4 c5 2. b3 d6 3. Bb2 Nc6 4. Nc3 Nf6 5. f4 Bg4 6. Be2 Bxe2 7. Qxe2 Nd4 8. Qd3 e6 9. Nf3 Nxf3+ 10. Qxf3 Qd7 11. 0-0-0 0-0-0 12. g4 d5 13. d3 d4 14. Ne2 h5 15. h3 Qb5 16. g5 Nd7 17. h4 Qa5 18. Kb1 b5 19. Nc1 b4 20. Qh3 Kc7 21. Qg3 Kb7 22. g6 f6 23. Ne2 Nb6 24. Qf3 Kb8 25. Ng3 Rh6 26. Nxh5 Na8 27. Ng3 Nc7 28. Nf1 Nb5 29. Nd2 Nc3+ 30. Bxc3 dxc3 31. Nc4 Qa6 32. h5 Rd4 33. Qe3 Bd6 34. e5 Bc7 35. f5 Bxe5 36. Nxe5 Qa3 37. Qc1 Qxc1+ 38. Kxc1 fxe5 39. fxe6 Rd6 40. Rdf1 Rxe6 41. Rf8+ Kc7 42. Rf7+ Kb6 43. Rxg7 Rf6 44. Kd1 Rf5 45. Rh7 Rxh7 46. gxh7 Rf8 47. Rg1 Rh8 48. Rg7 a6 49. Rg6+ Kb7 50. h6 a5 51. Rg8 1-0